| 000 | 00612ntaaa2200217 4500 | ||
|---|---|---|---|
| 003 | 01 | ||
| 005 | 20251027200757.0 | ||
| 008 | 0714s1973 ag 01 | ||
| 040 |
_aAR-BaBN _bspa _cAR-BaBN _eaacr _dRIC |
||
| 082 | _a783.9 W59 | ||
| 100 | _aWhitman, Don | ||
| 245 |
_aFavorite hymn arrangements for male voices / _cDon Whitman |
||
| 250 | _a1 ed. | ||
| 260 |
_as/l : _bThe standard Publishing Company, _c1955 |
||
| 300 | _a80 p | ||
| 500 | _aBiblioteca de música. 4/84 juego de fichas retirado | ||
| 650 | _aMusica | ||
| 650 |
_aHimnos para hombres _94039 |
||
| 650 |
_aMusica para hombres _94040 |
||
| 942 | _cBK | ||
| 999 |
_c1967 _d1967 |
||